00519 2200193 4500001002100000005001500021008004100036020002200077035001900099041000700118082001000125090001600135100002400151245005500175250001600230260003300246300001900279650002700298INLIS00000000000221320241224112509241224||||||||| | ||| |||| || |  a978-979-756-799-6 0010-1224002213 aid0 a612.6 a612.6 APR k0 aAprilia Nurul Baety00aKehamilan & Persalinan Panduan Praktik Pemeriksaan aEd. Pertama aYogyakartabGraha Ilmuc2012 a58 hlm.;21 cm. 0aBuku Panduan Kehamilan